| 000 | 00725nam a22001817a 4500 | ||
|---|---|---|---|
| 003 | BD-DhUL | ||
| 005 | 20170404120405.0 | ||
| 008 | 170404s1939 ii |||| |||| 000 0 ben d | ||
| 040 |
_aBD-DhUL _cBD-DhUL |
||
| 082 |
_a050 _bPAP |
||
| 245 | 0 | 0 |
_aপরিচয় : _b৮ম বর্ষ, ২য় খণ্ড : মাঘ - আষাঢ়, ১৩৪৫ - ১৩৪৬ / |
| 260 |
_aকলিকাতা : _bশ্রীসুধীন্দ্রনাথ দত্ত, _c১৯৩৯। |
||
| 300 |
_a খ. ; _c২৪ সেমি.। |
||
| 650 | 0 | _aসাময়িকী | |
| 650 | 0 | _aPeriodicals | |
| 700 | 1 |
_aদত্ত, শ্রীসুধীন্দ্রনাথ _eসম্পা. |
|
| 942 |
_2ddc _cREF |
||
| 999 |
_c171752 _d171752 |
||